| 000 | 00514nam a22000977a 4500 | ||
|---|---|---|---|
| 008 | 190410| ||| | ||||||0| ||spa d | ||
| 245 | _aHueso Peroné | ||
| 300 | _eHueso Peroné | ||
| 653 |
_aFíbula _aHueso del miembro inferior. _aHueso largo y delgado. _aSituado en sentido lateral de la tibia. _aCuerpo o diáfisis. _aExtremidad superior o cabeza del peroné. _aExtremidad inferior o epífisis. _aArticula con la tibia por sus dos extremidades y su diáfisis.Participa en la articulación talocrural |
||
| 942 |
_cHUESOS _2ddc |
||
| 999 |
_c2911 _d2911 |
||